General Ball Knowledge Quiz #2 - Statistics

General Stats
  • This quiz has been taken 23 times
  • The average score is 5 of 14
Answer Stats
Hint Answer % Correct
What expensive material is commonly used to make soft sweaters? Cashmere
57%
How many feet are in mile? 5,280
52%
What TV show did Prince Harry's wife debut on? Suits
52%
Prior to Micheal Phelps breaking this individuals record, who held the most gold medals in a single Olympic Games? Mark Spitz
43%
What is the character that was created in lieu of the controversy above? Mickey Mouse
43%
What album is the song "Smells Like Teen Spirits" by Nirvana from? Nevermind
43%
What Track and Field event requires you to run laps and jump over puddles of water? Steeplechase
38%
What city is Texas A&M university located in? College Station
33%
What popular clothing brand based its logo on the Half Dome in Yosemite National Park in California? The North Face
33%
What is the process called when bronze goes from orange to green? Oxidation
29%
What USA coin mint does not put a mint mark on their coins? Philadelphia
24%
What device is commonly used to remember things? Mnemonic
19%
What stadium do the Pittsburgh Panthers play in? Acrisure Stadium
14%
What original character was created by Walt Disney, which was later stolen by Universal? Oswald the Lucky Rabbit
10%
No matching quizzes found
Score Distribution
Percent of People with Each Score
Percentile by Number Answered
Your Score History
You have not taken this quiz